| 000 | 00408cam a2200157ua 4500 | ||
|---|---|---|---|
| 041 |
_aeng _h |
||
| 082 |
_a028.72621 _bJUD/CA |
||
| 100 | _aJudge, Arthur W . | ||
| 245 |
_aCarburettors and fuel injection system / _cArthur W Judge. _hTextual Documents |
||
| 250 |
_a6 / _b. |
||
| 260 |
_aMumbai : _bAsia Publishing House , _c1962. |
||
| 300 | _a496 ; . | ||
| 504 | _a | ||
| 942 | _cBK | ||
| 999 |
_c6776 _d6776 |
||